000
00330nam a2200145Ia 4500
999
_c
14394
_d
14394
003
OSt
005
20260226155959.0
008
260210s9999 xx 000 0 und d
020
_a
9781849944502
082
_a
720.92
100
_a
Franklin
245
0
_a
Post-Modern: Bbuilding In Britain
260
_b
Batsford
942
_c
UG
_2
ddc